LEADER 01406nam2 2200349 i 450 001 SUN0018785 005 20150521010148.758 010 $a88-339-0770-8 100 $a20040702d1993 |0itac50 ba 101 $aita 102 $aIT 105 $a|||| ||||| 200 1 $aˆ18: La ‰vita simbolica$e1939-61$fCarl Gustav Jung 210 $aTorino$cBollati Boringhieri$d1993 215 $a121 p.$d18 cm. 461 1$1001SUN0018780$12001 $aOpere$fCarl Gustav Jung$v18$1210 $aTorino$cBollati Boringhieri$1215 $avolumi$d22 cm. 606 $aInconscio$2FI$3SUNC008777 606 $aSimboli$xPsicanalisi$2FI$3SUNC009238 620 $dTorino$3SUNL000001 676 $a154.2$v21 700 1$aJung$b, Carl G.$3SUNV014849$0730920 712 $aBollati Boringhieri$3SUNV000104$4650 790 1$aJung, Karl Gustav$zJung, Carl G.$3SUNV014850 790 1$aJung, Carl Gustav$zJung, Carl G.$3SUNV062470 790 1$aJung, C.G.$zJung, Carl G.$3SUNV062471 790 1$aJung, C. G.$zJung, Carl G.$3SUNV062472 801 $aIT$bSOL$c20181109$gRICA 912 $aSUN0018785 950 $aUFFICIO DI BIBLIOTECA DEL DIPARTIMENTO DI PSICOLOGIA$d16 CONS 656 $e16 VS 2329 995 $aUFFICIO DI BIBLIOTECA DEL DIPARTIMENTO DI PSICOLOGIA$bIT-CE0119$gVS$h2329$kCONS 656$oc$qa 996 $aVita simbolica$91401603 997 $aUNICAMPANIA LEADER 01586nam a2200361 i 4500 001 991002507349707536 005 20250224123632.0 008 010514s1967 it er ||1 | ita d 020 $a8806003399 035 $ab11019876-39ule_inst 035 $aPARLA163940$9ExL 040 $aBibl. Dip.le Aggr. Studi Umanistici - Sez. Filosofia$bita$dSocioculturale Scs 041 1 $aita$hfre 082 04$a601$223 100 1 $aKoyré, Alexandre$0439954 240 14$aLes philosophes et la machine ; Du monde de l'a-peu-pres a l'univers de la precision 245 10$aDal mondo del pressappoco all'universo della precisione :$b[tecniche, strumenti e filosofia dal mondo classico alla rivoluzione scientifica] /$cAlexandre Koyré ; introduzione e traduzione di Paola Zambelli 260 $aTorino :$bEinaudi,$c1967 300 $a134 p. ;$c18 cm. 490 1 $aNuovo politecnico ;$v12 500 $aComplemento del titolo in copertina 500 $aIn appendice: Perchè l'antichità classica non ha conosciuto il macchinismo? / di Pierre-Maxime Schuhl 650 4$aMacchinismo 650 4$aEpistemologia 650 4$aTecnologie$xFilosofia 700 1 $aZambelli, Paola 830 0$aNuovo politecnico ;$v12 907 $a.b11019876$b23-02-17$c28-06-02 912 $a991002507349707536 945 $aLE005IF XXXII A 10$g1$i2005000223860$lle005$o-$pE0.00$q-$rl$s-$t0$u4$v0$w4$x0$y.i11139018$z28-06-02 996 $aPhilosophes et la machine ; Du monde de l'a-peu-pres a l'univers de la precision$94315208 997 $aUNISALENTO 998 $ale005$b01-01-01$cm$da$e-$fita$git$h0$i1